Histoire de l'unité européenne

Na minha lista:
Detalhes bibliográficos
Autor principal: Lecerf, Jean
Formato: Livro
Idioma:Undetermined
Publicado em: Paris Gallimard 1965
Assuntos:
Tags: Adicionar Tag
Sem tags, seja o primeiro a adicionar uma tag!
Thư viện lưu trữ: Trung tâm Học liệu Trường Đại học Cần Thơ
LEADER 00474nam a2200181Ia 4500
001 CTU_80956
008 210402s9999 xx 000 0 und d
082 |a 341.242 
082 |b L457 
100 |a Lecerf, Jean 
245 0 |a Histoire de l'unité européenne 
245 0 |c Jean Lecerf 
260 |a Paris 
260 |b Gallimard 
260 |c 1965 
650 |a European federation 
904 |i Vương,Hải 
980 |a Trung tâm Học liệu Trường Đại học Cần Thơ